Citations films À Contre-sens - Statistiques

Statistiques générales
  • Ce quiz a été pris 471 fois
  • Le résultat moyen est 7 sur 14
Statistiques - réponses
Répliques % Correct
Je viens de t'offrir {mon cœur} s'il te plaît ne le brise pas
99%
Je serai toujours ta lumière dans {l'obscurité}
80%
Si s'aimer est un péché alors oui on est {coupable}, les plus {coupables} du monde
76%
Si je t'aide à faire cette {photo} tu me promets de rentrer à la maison ?
63%
{20 60} On dirait un mot de passe.
58%
- Tu n'as que 17 ans - Alors {embrasse-moi} jusqu'à ce que j'en ai 18
57%
Ce soir là, au lieu de te dire de partir, j'aurai dû {t'embrasser}.
53%
- Ce qu'il s'est passé avec Betty, pour moi c'était rien. Tu me manquais et elle me faisait penser à toi. - Et toi tu me fais penser à un {orang-outan}, mais je ne vais pas au zoo pour en embrasser un.
46%
- T'aimer est ce que j'ai fait de plus {difficile} dans ma vie - T'aimer est ce que j'ai fait de plus beau dans la mienne
46%
Te voir la conduire a était la plus belle des {surprises} que tu pouvais me faire.
40%
On croît qu'être {majeur} c'est pouvoir faire ce qu'on veut mais c'est plutôt savoir ce qu'on doit faire
35%
Quand tu t'attaches à quelqu'un trop fort soit il se fait mal en se libérant soit il reste {prisonnier} à jamais
30%
Devant mes yeux c'est toujours {les tiens} que je vois
28%
- Et maintenant, combien de temps il faut qu'on reste {enlacés} comme ça ? - Longtemps j'espère, parce que c'est maintenant que commence notre histoire.
16%
Aucun quiz correspondant
Distribution des résultats
% des personnes avec chaque résultat
Percentile par nombre de réponses
Votre historique - résultats
Vous n’avez pas pris ce quiz